000 00908nas a2200289 4500
001 BR2015000783
003 BR-BrBNA
005 20231205125015.0
007 ta
008 230509b bl.|||p| |||| 00| 00por d
040 _aBR-BrBNA
_bpor
_cBiblioteca Nacional de Agricultura
041 _a(En)
072 _aF60
100 1 _aSheokand, S.
100 1 _aBhankar, V.
100 1 _aSawhney, V.
245 1 _aAmeliorative effect of exogenous nitric oxide on oxidative metabolism in NaCl treated chickpea plants
650 _aGRAO-DE-BICO
650 _aSALINIDADE
650 _aOXIDACAO
650 _aSTRESS
650 _aMETABOLISMO VEGETAL
773 0 _tBrazilian Journal of Plant Physiology (Brazil)
_xISSN 1677-0420
_g(2010), v. 22(2) p. 81-90
_wBR2015000783
856 4 0 _uhttp://www.scielo.br/pdf/bjpp/v22n2/v22n2a02.pdf
909 _a202311
_bLúcia
_c55
_dLúcia Elande
942 _2AGRIS
_n0
_cANA
999 _c242101
_d242101